Further reports from Her Majrdty's Diplomatic and Consular Agents abroad respecting the condition of the industrial classes and the purchase power of money in foreign countries. (Record no. 154204)

MARC details
000 -LEADER
campo de control de longitud fija 00681nam a22001575i 4500
001 - NÚMERO DE CONTROL
campo de control 154204
003 - IDENTIFICADOR DE NÚMERO DE CONTROL
campo de control ES-MaACL
005 - FECHA Y HORA DE LA ÚLTIMA TRANSACCIÓN
campo de control 20230906205550.0
008 - DATOS DE LONGITUD FIJA--INFORMACIÓN GENERAL
campo de control de longitud fija 050719s1871 xxk | |||||||| ||eng d
040 ## - FUENTE DE CATALOGACIÓN
Centro catalogador/agencia de origen CAM
Lengua de catalogación spa
Centro/agencia transcriptor CAM
245 00 - MENCIÓN DEL TÍTULO
Título Further reports from Her Majrdty's Diplomatic and Consular Agents abroad respecting the condition of the industrial classes and the purchase power of money in foreign countries.
260 ## - PUBLICACIÓN, DISTRIBUCIÓN, ETC.
Lugar de publicación, distribución, etc. London :
Nombre del editor, distribuidor, etc. [s.n.],
Fecha de publicación, distribución, etc. 1871 (
Fabricante printed by Harrison and Sons)
300 ## - DESCRIPCIÓN FÍSICA
Extensión 946 p. ;
Dimensiones 25 cm.
500 ## - NOTA GENERAL
Nota general Presented to both Houses of Parliament by Command of Her Majesty, 1871.
852 ## - LOCALIZACIÓN
Ubicación ES-MaACL
Número de control de estantería G-13626
Nota libre -- Enc. hol., conservando la enc. original
Holdings
Estatus retirado Estado de pérdida Estado de daño No para préstamo Colección Biblioteca de origen Biblioteca actual Ubicación en estantería Fecha de adquisición Fuente de adquisición Total de préstamos Signatura topográfica completa Código de barras Visto por última vez Precio de reemplazo Tipo de ítem Koha
        Libros del s. XIX Biblioteca del Ateneo de Madrid Biblioteca del Ateneo de Madrid Sala Pecera Planta 3 17/01/2008     G-13626 1161244 23/02/2023 23/02/2023 Libro impreso antiguo